Definiciones derecho procesal P-R - Estadísticas

Estadísticas generales
  • Esta prueba ha sido intentada 42 veces
  • La puntuación promedio es 16 de 86
Estadísticas de respuestas
definición concepto % Correcto
R R
84%
el que tiene la facultad de hacer y reformar las leyes. Parlamento, Cortes y Asambleas Legislativas Poder legislativo
50%
persona que representa a su cliente en un juicio Procurador
47%
demostración o justificación de la existencia real de los hechos que se alegan en un juicio. Prueba
47%
es una actuación procesal por el que las partes intentan convencer al Juez mediante la presentación de unos hechos considerados ciertos la veracidad de lo que defienden o achacan a la otra parte Prueba
47%
formado por el conjunto de Juzgados y Tribunales, únicos competentes para juzgar y hacer ejecutar lo juzgado Poder Judicial
44%
Q Q
44%
situación en la que se encuentra una persona que no acude al llamamiento del Juez de presentarse en un juicio Rebeldía
41%
es la situación en la que se encuentra el demandado al no presentarse en el Juicio el día que se le comunica para su comparecencia o citación. Rebeldía
41%
hecho que la ley considera como verdadero sin necesidad de demostrarlo Presunción
34%
padre o madre. Progenitor
34%
es el poder de una persona sobre una cosa o cosas Posesión
31%
derecho que tiene el detenido a ser considerado inocente mientras no se demuestre que es culpable con suficientes pruebas. Presunción de inocencia
31%
es el grado máximo de poder sobre una cosa, de la que se es titular. Propiedad
31%
escrito que se presenta en un Juzgado con la intención de iniciar un Proceso Penal contra la persona que considera responsable de un hecho punible. Querella
31%
es una actuación que se comunica a la policía, Ministerio Fiscal o autoridad judicial la comisión de un hecho delictivo. Querella
31%
impugnación de un acuerdo o resolución por quien se considera perjudicado por la decisión judicial tomada, con la intención de que la decisión sea revisada por el órgano que la dictó o por otro superior. Recurso
31%
norma escrita hecha por la Administración que tiene un valor inferior a la Ley y que no puede ser contrario a ella. Reglamento
31%
es un hecho punible porque el que una persona, con ánimo de lucro, se apodera de las cosas de otra persona haciendo uso de la fuerza, violencia o intimidación. Robo
31%
delito que comete una autoridad, Juez o Magistrado cuando decide algo injusto sabiendo que lo es. Prevaricación
28%
lugar donde se anotan determinados hechos o personas Registro
28%
cuando el delincuente es condenado varias veces por un delito comprendido en el mismo capítulo del Código Penal Reincidencia
28%
es una circunstancia agravante de la responsabilidad penal por haber sido condenado anteriormente por otros delitos de la misma naturaleza. Reincidencia
28%
situación en la que se encuentra una persona cuando no tiene los medios suficientes para vivir bien Precariedad
25%
número de miembros que deben encontrarse presentes para su constitución, deliberación y sobre todo en las votaciones, para que sus acuerdos sean eficaces. Quorum
25%
petición al Tribunal que deje de conocer, que se abstenga del conocimiento de una causa por la existencia de varios motivos que ponen en peligro su imparcialidad. Recusación
25%
es un registro público donde consten todos los datos pertenecientes al estado civil de las personas. Registro Civil
25%
es la representación y defensa de las partes en un proceso judicial. Postulación
22%
acuerdo previo entre dos o más personas, que se comprometen a firmar un contrato en el futuro porque de momento no pueden o no quieren hacerlo Precontrato
22%
petición que se hace al Juez para que solucione algún problema que exista entre dos partes. Pretensión
22%
peticiones de las partes en el proceso Pretensión
22%
conjunto de normas que indican cómo debe realizarse un proceso y en qué orden se hacen las cosas. Procedimiento
22%
es la aplicación las normas legales para resolver los conflictos jurídicos Proceso
22%
integrar de nuevo a la persona en la sociedad, para que trabaje, tenga vivienda y vida normal. Reinserción
22%
acto por el cual una persona deja de hacer o de utilizar algo a lo que tenía derecho. Renuncia
22%
es la terminación anormal de un proceso por el que una de las partes expresa su intención de abandonar la pretensión que motivó el inicio dicho procedimiento Renuncia
22%
sustitución de una persona, en cuyo nombre se actúa. Representación
22%
la persona que dirige la acción del Gobierno y coordina las funciones de sus miembros. Presidente del gobierno
19%
continuación de una cosa por un plazo de tiempo determinado. Prórroga
19%
poner en conocimiento de un organismo algo con lo que no se está de acuerdo. Queja
19%
procedimiento judicial por el cual los ciudadanos votan a favor o en contra de una norma. Referéndum
19%
figura democrática por la que se someten a decisión de todos los ciudadanos asuntos de interés general Referéndum
19%
es la producción de efectos de las normas jurídicas a actos anteriores a su publicación. Dice el Código Civil: “que las Leyes no tienen efectos retroactivos, a no ser que por Ley se disponga lo contrario” Retroactividad
19%
publicar una norma para que sea cumplida Promulgar
16%
romper, violar, incumplir una norma. Quebrantamiento
16%
aprobar o confirmar ante el Juez algo dicho o hecho anteriormente para darlo por verdadero. Ratificación
16%
casa o domicilio donde una persona vive normalmente. Residencia habitual
16%
capacidad para asumir consecuencias positivas o negativas de las acciones o conductas realizadas. Responsabilidad
16%
extinción del plazo previsto para realizar una actuación procesal. Preclusión
13%
consiste en poner medidas para evitar que ocurra algo que se ve que puede suceder Prevención
13%
hecho delictivo contra la Constitución por el que varias personas solicitan públicamente su derogación, suspensión o modificación, así como la destitución del Rey Rebelión
13%
es la oportunidad que tiene el demandado de ejercitar una acción (pedirle algo) contra su propio demandante, aprovechando el mismo proceso. Reconvención
13%
cuestiones que tienen que resolverse antes de la actuación de un Tribunal Prejudicial
9%
la afirmación o conjetura legal que puede ser destruida por prueba en contra. Presunción ''Iuris tantum''
9%
según él (este principio) nadie puede ser juzgado dos veces por el mismo hecho. Principio non bis in ídem
9%
prisión privativa de libertad Prisión permanente revisable
9%
acción de avisar a alguien para que haga o no haga una cosa. Requerimiento
9%
es un acto de comunicación procesal cuyo objetivo es comunicar a una persona que realice una conducta o que deje de hacerla (actividad o inactividad) Requerimiento
9%
reparación del daño o mal. Indemnización de daños o perjuicios. Resarcimiento
9%
son las materias que según la Constitución tienen que ser reguladas por una norma con rango de ley aprobada en las Cortes. Reserva de Ley
9%
Acción____ : es una acción por la que el dueño de una cosa que no la posee la lleva a cabo contra el poseedor que la tiene para que se la entregue. Acción Reivindicatoria
6%
la suposición legal que no admite prueba en contrario, es decir cuando no se admite ningún tipo de prueba para negar lo que se está admitiendo. Presunción ''iuris et de iure''
6%
acción de quitarle a alguien una cosa que poseía. Privación
6%
es un medio de prueba por el que el Juzgador podrá solicitar el
reconocimiento de un lugar, objeto, o una persona para poder esclarecer los hechos
controvertidos, que le generan ciertas dudas sobre su veracidad.
Reconocimiento judicial
6%
es una diligencia judicial porque el que se comunica al Juzgado y a las autoridades
la existencia de un procesado que se encuentra en rebeldía para que se informe de su
localización y posterior detención
Requisitoria
6%
es la decisión que adopta un Juez o Tribunal en el curso de una causa jurídica o conflicto que deba resolver. Resolución judicial
6%
es el proceso por el que se valorará de nuevo un bien que ha sido expropiado al haber transcurrido más de dos años desde que ésta se produjo. Tasar de nuevo Retasación
6%
dejar sin efecto un mandato o una resolución Revocar
6%
es el comportamiento desordenado de una persona que hace peligrar su patrimonio. Prodigalidad
3%
llamamos así a todos los bienes muebles, independientes o unidos a otro, al gas y a la electricidad. Producto
3%
empezar una actuación judicial. Promover
3%
el matrimonio que ha sido ratificado pero no consumado. Rato
3%
es un acto administrativo por el cual se cambia la clasificación urbanística del suelo. Recalificación urbanística
3%
conjunto de reglas jurídicas ordenadas por materias. Recopilación
3%
es el principio por el que un Juez no podrá dictar una nueva sentencia que resuelva un recurso y que perjudique al que solicitó dicho recurso (reformar a peor) Reformatio in peius
3%
: dejar sin efecto un contrato o una obligación Rescisión
3%
la obligación de reparar el daño causado y los perjuicios cometidos por uno mismo o por un tercero. Responsabilidad civil
3%
limitación Restricción
3%
impedir que alguien se mueva o salga de un lugar Retener
3%
es un recurso con el que se solicita la rectificación de una sentencia firme, ante pruebas que revelan que se ha producido un error. Revisión
3%
proximidad de un daño. Riesgo
3%
Acción _____: Es una acción en el que se produce el reconocimiento de la persona como hijo respecto de otra persona Acción de Reclamación de Filiación
0%
es el tipo de actuación procesal por la que se realiza forzosamente un bien embargado Procedimiento de apremio
0%
poner a una persona en la misma situación moral o legal en la que se encontraba, y de la cual se haya desposeída Rehabilitación
0%
es el derecho de adquisición preferente, por el que una persona tiene la facultad de adquirir un bien con preferencia a otra. Retracto
0%
devolver una cosa al estado que tenía o devolverla a la persona que primeramente la poseía. Reversión
0%
No se encontraron pruebas coincidentes
Distribución de puntuación
Porcentaje de gente con cada puntuación
Porcentaje por número respondido
Historial de tus puntuaciones
No has intentado esta prueba.